Postavenie informačných systémov v podnikoch

Genéza implementácií informačných a komunikačných systémov. Typy informačných systémov.

Na minha lista:
Detalhes bibliográficos
Autor principal: Mesároš, Peter
Outros Autores: Dugas, Jaroslav, 1967-, Ferencz, Vojtech, Krištanová, Anna
Formato: Capítulo de Livro
Idioma:eslovaco
Assuntos:
Tags: Adicionar Tag
Sem tags, seja o primeiro a adicionar uma tag!

MARC

LEADER 00000naa a2200000 4500
001 0162110
005 20240502072816.9
041 0 |a slo 
044 |a SK 
245 1 0 |a Postavenie informačných systémov v podnikoch  |c Peter Mesároš, Jaroslav Dugas, Vojtech Ferencz, Anna Krištanová 
520 |a Genéza implementácií informačných a komunikačných systémov. Typy informačných systémov. 
610 2 0 |a systémy informačné 
610 2 0 |a technológie komunikačné 
610 2 0 |a procesy podnikové 
610 2 0 |a komunikácia firemná 
610 2 0 |a systémy informačné manažérske 
100 1 |a Mesároš, Peter 
700 1 |a Dugas, Jaroslav, 1967- 
700 1 |a Ferencz, Vojtech 
700 1 |a Krištanová, Anna